| 000 | 00422nam a22001217a 4500 | ||
|---|---|---|---|
| 008 | 230606b xxu||||| |||| 00| 0 eng d | ||
| 082 |
_a342.6762 _bICJP |
||
| 245 |
_aConstitution Review Process _bA Simplified Version |
||
| 260 |
_aKenya _bCatholic Justice And Peace Commission Kenya Episcopal Conference _c2009 |
||
| 300 | _a38 p | ||
| 710 | _bCatholic Justice And Peace Commission Kenya Episcopal Conference | ||
| 942 |
_2ddc _cBK |
||
| 999 |
_c585 _d585 |
||